Công nghệ sinh học môi trường

Sách trình bày các vấn đề về tài nguyên nước và sinh cảnh vi sinh vật nước. Ảnh hưởng của các yếu tố vật lý, hóa học và sinh học đến vi sinh vật nước. Chuyển hóa vật chất do vi sinh vật trong nước. Ô nhiễm nước do vi sinh vật và sự...

全面介紹

Đã lưu trong:
書目詳細資料
主要作者: Nguyễn, Đức Lượng
格式: 圖書
語言:Undetermined
出版: Thành phố Hồ Chí Minh Đại học Quốc gia Thành phố Hồ Chí Minh 2003
主題:
標簽: 添加標簽
沒有標簽, 成為第一個標記此記錄!
Thư viện lưu trữ: Trung tâm Học liệu Trường Đại học Cần Thơ
LEADER 01378nam a2200217Ia 4500
001 CTU_64100
008 210402s9999 xx 000 0 und d
020 |b 33000 
082 |a 628.4 
082 |b L561/T.1 
100 |a Nguyễn, Đức Lượng 
245 0 |a Công nghệ sinh học môi trường 
245 0 |c Nguyễn Đức Lượng 
260 |a Thành phố Hồ Chí Minh 
260 |b Đại học Quốc gia Thành phố Hồ Chí Minh 
260 |c 2003 
520 |a Sách trình bày các vấn đề về tài nguyên nước và sinh cảnh vi sinh vật nước. Ảnh hưởng của các yếu tố vật lý, hóa học và sinh học đến vi sinh vật nước. Chuyển hóa vật chất do vi sinh vật trong nước. Ô nhiễm nước do vi sinh vật và sự lắng cặn sinh học. Nước thải và các quá trình sinh học xảy ra trong nước thải. Công nghệ xử lý nước ô nhiễm và nước thải. Thực vật thủy sinh và ứng dụng thực vật thủy sinh trong xử lý nước thải. 
650 |a Refuse and refusal,Factory and trade wastes,Wastewaters 
650 |x Purification 
904 |i Minh 
980 |a Trung tâm Học liệu Trường Đại học Cần Thơ